01163 2200229 4500001002100000005001500021035002000036007000300056008004100059020001800100082001100118084001700129100001600146245004900162250001000211260004300221300002600264520057200290600002300862990002400885990002400909INLIS00000000001110820260123111324 a0010-0126000002ta260123 g 0 ind  a9786024250324 a340.59 a340.59 FAI h0 aFaishal Haq1 aHukum perwakafan di Indonesia /cFaishal Haq aCet.1 aJakarta :bRajaGrafindo Persada,c2017 avii, 207 hlm ;c23 cm aWakaf merupakan salah satu sarana yang digunakan oleh umat Islam dalam menyalurkan rezeki yang diberikan oleh Allah SWT kepadanya. Berbeda dengan zakat yang diatur secara jelas dalam al-Quran, pengaturan wakaf tidak disebutkan secara eksplisit. Meskipun tidak diatur secara eksplisit, terdapat beberapa ayat dalam al-Quran yang memerintahkan umat Islam untuk berbuat baik kepada manusia yang oleh para ulama dipandang sebagai landasan hukum wakaf. Ayat-ayat ini pada prinsipnya memerintahkan manusia agar berbuat baik antar-sesama dengan menyedekahkan harta miliknya. 4awakaf- hukum islam a27571/MKRI-P/I-2026 a27571/MKRI-P/I-2026